| 000 | 00000nam##2200000za#4500 |
| 001 | 9.530297 |
| 003 | CaOODSP |
| 005 | 20200327071241 |
| 007 | ta |
| 008 | 150406|1998||||xxc||||| f|0| 0 fre|d |
| 020 | |a0-660-60455-8 |
| 040 | |aCaOODSP|bfre |
| 041 | |aeng |
| 041 | |afre |
| 043 | |an-cn--- |
| 086 | 1 |aBT31-2/1999-III-17 |
| 110 | 1 |aCanada. |bConseil du trésor. |
| 245 | 10|aBureau du surintendant des institutions financières du Canada |
| 260 | |aOttawa - Ontario : |bSecrétariat du Conseil du Trésor du Canada |c1998. |
| 300 | |aTexte français, 25p. : |borganigramme, tableaux ; |c28 cm. |
| 490 | 1 |aBudget des dépenses 1998-1999, partie III: Rapport sur les plans et les priorités |
| 546 | |aBilingue |
| 563 | |aCouverture souple |
| 590 | |a98-14|b1998-04-03 |
| 776 | 0#|tOffice of the Superintendent of Financial Institutions Canada, report on plans and priorities for the years 1998/1999 to 2000/2001 |w(CaOODSP)9.567627 |
| 776 | 0#|tBureau du surintendant des institutions financières Canada, rapport sur les plans et les priorités pour les exercices 1998-1999 à 2000-2001 |w(CaOODSP)9.598954 |
| 791 | |tOffice of the Superintendent of Financial Institutions Canada |eeng|w(CaOODSP)9.530296 |
| 830 | #0|aBudget des dépenses 1998-1999, partie III: Rapport sur les plans et les priorités.|w(CaOODSP)9.508961 |